[Event "Dhaka Zia Memorial"]
[Site "Dhaka"]
[Date "2025.07.08"]
[Round "5"]
[White "Arman, Siddique"]
[Black "Ahmed, Walijah"]
[Result "0-1"]
[WhiteElo "1796"]
[BlackElo "1971"]
[PlyCount "90"]
[EventDate "2025.07.05"]
[EventType "swiss"]
[EventRounds "9"]
[EventCountry "BAN"]
[SourceTitle "CB29_2025"]
[SourceDate "2025.07.16"]
[SourceVersion "1"]
[SourceVersionDate "2025.07.16"]
[SourceQuality "1"]

1. e4 c5 2. Nc3 d6 3. f4 g6 4. Nf3 Bg7 5. Bc4 Nc6 6. 0-0 e6 7. d4 cxd4 8. Nb5 Nge7 9. Bb3 0-0 10. Nbxd4 Na5 11. Be3 a6 12. c3 b5 13. Bc2 e5 14. fxe5 dxe5 15. Nb3 Nc4 16. Qxd8 Rxd8 17. Bc5 Nc6 18. Rab1 Bh6 19. Bf2 f6 20. h3 Ne3 21. Bxe3 Bxe3+ 22. Kh1 Be6 23. a3 a5 24. Rfe1 Bb6 25. Nbd2 Rac8 26. Red1 Kf7 27. Bb3 Bxb3 28. Nxb3 a4 29. Na1 Na5 30. Nc2 Nb3 31. Nb4 Rc4 32. Rxd8 Bxd8 33. Rd1 Be7 34. Rd7 Ke6 35. Rb7 Rxe4 36. Rb6+ Bd6 37. Rxb5 Re2 38. Kg1 Rxb2 39. Rb6 Rb1+ 40. Kf2 Rc1 41. Rc6 Kd7 42. Rc4 Na5 43. Rh4 Rxc3 44. Rxh7+ Ke6 45. Ra7 Bc5+ 0-1